| 000 | 01126nam a2200253Ia 4500 | ||
|---|---|---|---|
| 999 |
_c55266 _d55266 |
||
| 001 | 22342 | ||
| 003 | GE_BSU | ||
| 005 | 20230310121917.0 | ||
| 008 | 181216s2010||||ge |||||||||||||| ||geo|| | ||
| 020 | _a978-9941-15-255-9 | ||
| 040 | _cGE_BSU | ||
| 041 | _ageo | ||
| 080 | _a821.111(73).03=353.1 ტ-92 | ||
| 100 |
_aტურაშვილი, დათო _91369 |
||
| 245 |
_aამერიკული ზღაპრები მხოლოდ დიდებისთვის : _bსულ მცირე რომანი / _cდათო ტურაშვილი ; რედ. ნინო გოგალაძე. |
||
| 264 |
_aთბილისი : _bბაკურ სულაკაურის გამ-ბა, _c2010. |
||
| 300 |
_a152 გვ. ; _c20 სმ. |
||
| 541 | _h6ლ.30თ. | ||
| 653 | _aამერიკული ზღაპრები | ||
| 653 | _aმხოლოდ დიდებისთვის | ||
| 653 | _aსულ მცირე რომანი | ||
| 700 |
_aგოგალაძე, ნინო _eრედატქორი _912334 |
||
| 942 |
_cBK _2udc |
||